|
|
|
|
| LEADER |
00000nam a2200000 a 4500 |
| 001 |
vtls008951892 |
| 003 |
SK-MaSNL |
| 005 |
20260426011919.0 |
| 008 |
160208s2006 xo f lf 000 0 slo |
| 015 |
|
|
|a SNBI2007/02-00583
|
| 035 |
|
|
|a 48582327-747C-4FA6-9208-951132A74AE0
|
| 035 |
|
|
|a urn:nbn:sk:snk-amk7aj
|
| 035 |
|
|
|a urn:nbn:sk:snk-am008j8g
|
| 040 |
|
|
|a SNK
|b slo
|c SNK
|e AACR2
|
| 041 |
0 |
|
|a slo
|
| 043 |
|
|
|a e-xo---
|
| 044 |
|
|
|a xo
|c SK
|
| 072 |
|
7 |
|a 371
|x Školstvo (organizácia)
|2 konspekt
|
| 080 |
|
|
|a 37.011/.012
|2 2001
|
| 080 |
|
|
|a 371.26/.27
|2 2001
|
| 080 |
|
|
|a (094.5)
|2 2001
|
| 080 |
|
|
|a (072)
|2 2001
|
| 080 |
|
|
|a 373.5.011.3-052
|2 2001
|
| 080 |
|
|
|a (437.6)
|2 2001
|
| 110 |
1 |
|
|a Slovensko.
|b Ministerstvo školstva
|4 aut
|
| 245 |
1 |
0 |
|a Metodické usmernenie č. 15/2006-R zo 7. júna 2006, ktorým sa upravuje postup hodnotenia a klasifikácie žiakov stredných škôl v Slovenskej republike
|
| 250 |
|
|
|a 1. vyd.
|
| 260 |
|
|
|a V Prešove
|b Metodicko-pedagogické centrum
|c 2006
|
| 300 |
|
|
|a 31 s.
|c 21 cm
|
| 506 |
|
|
|a 2500 výt. Nepredajné!
|
| 521 |
|
|
|a Určené pre vzdelávacie potreby pedagogických zamestnancov škôl a školských zariadení Slovenska
|
| 650 |
0 |
7 |
|a stredoškolskí študenti
|2 SNKPH
|9 3980
|
| 650 |
0 |
7 |
|a pedagogická evalvácia
|2 SNKPH
|9 4127
|
| 650 |
0 |
7 |
|a hodnotenie žiakov
|2 SNKPH
|9 3929
|
| 651 |
|
7 |
|a Slovensko
|2 SNKPH
|9 14231
|
| 655 |
|
7 |
|a právne predpisy
|2 SNKPH
|9 70481
|
| 655 |
|
7 |
|a metodické príručky
|2 SNKPH
|9 70250
|
| 752 |
|
|
|a Slovensko
|d Prešov
|
| 958 |
|
|
|a OND
|
| 999 |
|
|
|c 1083748
|d 1085678
|
| 952 |
|
|
|a SNK
|b SNK
|y PREZ
|7 0
|p 17A0543508
|o snkSC 126960
|i snk2007/6027
|8 0
|0 0
|1 0
|4 0
|d 2007-03-05
|f 1
|l 0
|r 2025-06-16 00:00:00
|w 2026-02-24
|
| 952 |
|
|
|a SNK
|b SNK
|y VYP
|7 0
|p 17A0543509
|o snkSC 126960 D1
|i snk2007/6028
|8 0
|0 0
|1 0
|4 0
|d 2007-03-05
|l 0
|r 2026-02-24 16:32:50
|w 2026-02-24
|